000 00159nam a2200073Ia 4500
008 170620s9999 xx 000 0 und d
100 _aMisra
245 0 _aRELIGION & SCIENCE
260 _bAPH PU
999 _c26246
_d26246